<?xml version="1.0" encoding="UTF-8"?>
<record
    xmlns:xsi="http://www.w3.org/2001/XMLSchema-instance"
    xsi:schemaLocation="http://www.loc.gov/MARC21/slim http://www.loc.gov/standards/marcxml/schema/MARC21slim.xsd"
    xmlns="http://www.loc.gov/MARC21/slim">

  <leader>01687nam a22002417a 4500</leader>
  <controlfield tag="003">OSt</controlfield>
  <controlfield tag="005">20220112125523.0</controlfield>
  <controlfield tag="008">120612t        xxu||||| |||| 00| 0 eng d</controlfield>
  <datafield tag="020" ind1=" " ind2=" ">
    <subfield code="a">0072318597</subfield>
  </datafield>
  <datafield tag="040" ind1=" " ind2=" ">
    <subfield code="c">LC</subfield>
  </datafield>
  <datafield tag="100" ind1=" " ind2=" ">
    <subfield code="a">Bodie, Zvi.</subfield>
  </datafield>
  <datafield tag="245" ind1=" " ind2=" ">
    <subfield code="a">Essentials of investments. /</subfield>
    <subfield code="c">Zvi Bodie, Alex Kane and Alan J. Marcus.</subfield>
  </datafield>
  <datafield tag="250" ind1=" " ind2=" ">
    <subfield code="a">4th ed.</subfield>
  </datafield>
  <datafield tag="260" ind1=" " ind2=" ">
    <subfield code="a">New York:</subfield>
    <subfield code="b">McGraw-Hill,</subfield>
    <subfield code="c">2001.</subfield>
  </datafield>
  <datafield tag="300" ind1=" " ind2=" ">
    <subfield code="a">xxx, 688 p.:</subfield>
    <subfield code="b">ill.;</subfield>
  </datafield>
  <datafield tag="490" ind1=" " ind2=" ">
    <subfield code="3">The McGraw-Hill series in finance, insurance and reals estate</subfield>
  </datafield>
  <datafield tag="500" ind1=" " ind2=" ">
    <subfield code="a">Includes index.</subfield>
  </datafield>
  <datafield tag="505" ind1=" " ind2=" ">
    <subfield code="a">Contents: 1. Introduction and overview: Globalization -- 2. Country factors: National differences in political economy -- Differences in culture -- Cases -- 3. The Global trade and investment environment : International trade theory -- The Political economy of international trade -- Foreign direct investment -- The Political economy of foreign direct investment -- Regional economic integration -- Cases -- 4. The Global Monetary system: The Foreign exchange market -- The International monetary system -- The Global capital market -- Cases -- 5. The strategy and structure of international business: The Strategy of international business -- The Organization of international business -- Entry strategy and strategic alliances -- Cases -- 6. Business Operations: Exporting, importing and countertrade -- Global manufacturing and materials management -- Global marketing and R&amp;D -- Global human resource management -- Accounting in the international business -- Financial management in the international business -- Case -- </subfield>
  </datafield>
  <datafield tag="653" ind1=" " ind2=" ">
    <subfield code="a">Investments</subfield>
  </datafield>
  <datafield tag="700" ind1=" " ind2=" ">
    <subfield code="a">Kane, Alex. </subfield>
  </datafield>
  <datafield tag="700" ind1=" " ind2=" ">
    <subfield code="a">Marcus, Alan J. </subfield>
  </datafield>
  <datafield tag="942" ind1=" " ind2=" ">
    <subfield code="2">lcc</subfield>
    <subfield code="c">BK</subfield>
  </datafield>
  <datafield tag="999" ind1=" " ind2=" ">
    <subfield code="c">8384</subfield>
    <subfield code="d">15884</subfield>
  </datafield>
  <datafield tag="952" ind1=" " ind2=" ">
    <subfield code="0">0</subfield>
    <subfield code="1">0</subfield>
    <subfield code="2">lcc</subfield>
    <subfield code="4">0</subfield>
    <subfield code="7">0</subfield>
    <subfield code="a">WIUC-KL</subfield>
    <subfield code="b">WIUC-KL</subfield>
    <subfield code="c">GEN</subfield>
    <subfield code="d">2019-10-23</subfield>
    <subfield code="l">0</subfield>
    <subfield code="o">HG4521.B56(4e)</subfield>
    <subfield code="p">K/288/288/19</subfield>
    <subfield code="r">2022-01-11 00:00:00</subfield>
    <subfield code="w">2022-01-11</subfield>
    <subfield code="y">BK</subfield>
  </datafield>
</record>
